Lakossági és vállalkozói számlavezetés az OTP Bank Nyrt-nél

Bibliográfiai részletek
Szerző: Bolyhos Lili Zsuzsanna
További közreműködők: Dombi Dr. Zsuzsa
Dokumentumtípus: Projektmunka
Kulcsszavak:OTP Bank Nyrt.
Lakossági
számlavezetés
Online Access:http://dolgozattar.uni-bge.hu/11134

MARC

LEADER 00000nnm a2200000 i 4500
001 dolg11134
005 20170512164009.0
008 170512suuuu hu o 000 hun d
040 |a BGE Dolgozattár Repozitórium  |b hun 
041 |a hu 
100 1 |a Bolyhos Lili Zsuzsanna 
245 1 0 |a Lakossági és vállalkozói számlavezetés az OTP Bank Nyrt-nél  |c Bolyhos Lili Zsuzsanna  |h [elektronikus dokumentum] 
516 |a Project_work 
695 |a OTP Bank Nyrt. 
695 |a Lakossági 
695 |a számlavezetés 
700 1 |a Dombi Dr. Zsuzsa  |e ths 
856 4 0 |u http://dolgozattar.uni-bge.hu/11134/1/zarodolgozat-jo.pdf  |z Dokumentum-elérés 
856 4 0 |u http://dolgozattar.uni-bge.hu/11134/3/titkositasi.pdf  |z Dokumentum-elérés